000 00314nam a2200121Ia 4500
008 240731s9999 xx 000 0 und d
022 _a2168-3824
245 0 _aResearch Quarterly for Exercise and Sport
260 _bRoutledge
856 _uhttps://www.tandfonline.com/loi/urqe20
942 _2ddc
942 _cTFEJ
999 _c79184
_d79184
945 _a1
_bMadushi Gamage
_c1
_dMadushi Gamage